[Event "FIDE Online-ch U16 Open 2020"]
[Site "Online"]
[Date "2020.12.19"]
[Round "1.2"]
[White "Smit, Devon"]
[Black "Keymer, Vincent"]
[Result "0-1"]
[WhiteElo "1888"]
[BlackElo "2588"]
[Annotator "TA"]
[PlyCount "110"]
[EventDate "2020.12.19"]
[EventType "k.o."]
[EventCountry "NET"]
[SourceTitle "playchess.com"]
[Source "ChessBase"]
[SourceQuality "1"]

{[%evp 9,110,-21,-21,-72,-49,-25,-34,-84,52,-89,-88,-81,-75,-106,-94,-85,-77,-207,-204,-200,-195,-218,-200,-325,-283,-308,-309,-356,-358,-440,-451,-419,-368,-363,-374,-368,-370,-447,-438,-454,-456,-449,-449,-445,-420,-389,-177,-177,-177,-176,-176,-176,-177,-164,-140,-137,-149,-186,-186,-179,-148,-179,-176,-170,-163,-162,-149,-146,-65,-65,-66,-318,-155,-357,-317,-404,-392,-394,-379,-525,-529,-509,-492,-492,-479,-584,-619,-531,-478,-1335,-1476,-1458,-1429,-1578,-1522,-12840,-12839,-2427,-2294,-2020,-2537,-1910,-1855]} 1. e4 c6 2. d4 d5 3. e5 Bf5 4. h4 h5 5. Bg5 Qb6 6. Bd3 {B12: Caro-Kann: Advance Variation.} (6. b3 $11 {remains equal.}) 6... Bxd3 7. Qxd3 Qxb2 8. Nf3 {Black is slightly better.} Qb5 {[#]} ({Black should play} 8... e6 $17 9. O-O Qxa1) 9. Qe3 $146 (9. Qxb5 $14 cxb5 10. Nc3) ({Predecessor:} 9. Qxb5 cxb5 10. Nc3 e6 11. Nxb5 Kd7 12. Rb1 b6 13. O-O Nc6 14. Rfc1 Na5 15. c4 Nxc4 {1-0 (32) Chernov,V-Klementev,O (2136) Alushta 2010}) 9... e6 $1 $17 10. Nbd2 Nd7 11. c4 dxc4 12. O-O Ne7 13. Rab1 (13. a4 $17 {was called for.} Qd5 14. Bxe7 Bxe7 15. a5) 13... Nd5 $19 14. Qe1 Qa6 15. Ne4 b5 16. Nh2 (16. Qe2 $142) 16... c5 17. dxc5 Nxc5 18. f4 Nd3 19. Qg3 Qb6+ 20. Kh1 Qe3 21. Qxe3 Nxe3 22. Rf3 Nf5 23. Rxb5 Nd4 $1 {[%csl LRb5,LRf3][%mdl 64] Double Attack} 24. Rb7 Nxf3 25. Nxf3 Nc5 26. Nxc5 Bxc5 27. Rc7 O-O (27... Bb6 $142 28. Rxc4 O-O) 28. Rxc5 Rfc8 29. Rxc8+ Rxc8 30. Nd4 c3 {[%mdl 1024] Threatens to win with ...c2. Black has strong compensation.} 31. Nb3 c2 32. f5 exf5 33. g3 {[#]} a5 $1 {[%cal Ba7a5,Ba5a4][%mdl 544]} 34. Kg2 (34. Nxa5 c1=Q+) 34... a4 35. Nc1 Rc5 $1 36. Bf4 Rd5 37. Kf3 Kf8 $1 38. Ke2 Rd1 ({Black should try} 38... Ke7 $17 39. Nd3 Ke6) 39. Bd2 $15 Rg1 40. Be1 $2 {[%mdl 8192] [#] Black keeps a firm grip on the game.} ({Only move:} 40. Kf2 $1 $15 Rh1 41. Ke3) 40... Ke7 (40... g5 $1 $19 {[%mdl 512] Hoping for ...f4.} 41. hxg5 f4 $1 {[%mdl 512]}) 41. Kd2 $2 {[#]} (41. Nd3 $17 {might work better.}) 41... Rg2+ $1 $19 42. Kc3 Ke6 43. Nd3 Kd5 44. Nb4+ Kxe5 {Black is clearly winning.} 45. Nxc2 Ke4 46. a3 f6 47. Nd4 g5 48. Nb5 f4 49. hxg5 (49. gxf4 $142 Kxf4 50. Nd4) 49... fxg5 50. Nd6+ Ke3 51. gxf4 gxf4 52. Nf5+ Ke2 53. Bd2 f3 54. Nd4+ Kd1 55. Bf4 f2 {Weighted Error Value: White=0.63/Black=0.18} 0-1

[Event "FIDE Online-ch U16 Open 2020"]
[Site "Online"]
[Date "2020.12.19"]
[Round "1.3"]
[White "Hong, Andrew"]
[Black "Modi, Yashil"]
[Result "1-0"]
[WhiteElo "2449"]
[BlackElo "2099"]
[Annotator "TA"]
[PlyCount "69"]
[EventDate "2020.12.19"]
[EventType "k.o."]
[EventCountry "NET"]
[SourceTitle "playchess.com"]
[Source "ChessBase"]
[SourceQuality "1"]

{[%evp 10,69,46,22,114,83,82,106,152,157,128,152,209,188,194,202,199,115,241,217,366,394,343,245,246,243,258,265,252,256,248,254,244,242,250,238,235,235,229,221,232,154,386,376,383,374,425,400,421,395,782,775,754,703,664,535,5357,5349,5324,5302,5352,5352]} 1. e4 e5 2. Nf3 Nc6 3. Bb5 a6 4. Ba4 d6 5. O-O Bd7 6. d4 g6 {C72: Ruy Lopez: Deferred Steinitz: 5 0-0.} (6... b5 $11 {remains equal.} 7. Bb3 Nxd4) 7. Bxc6 Bxc6 8. dxe5 Bxe4 {White is better.} 9. Re1 {[#]} d5 $146 ({Predecessor:} 9... Bxf3 10. exd6+ Be7 11. Qxf3 Qxd6 12. Qxb7 Rd8 13. Nc3 Nf6 14. Ne4 Nxe4 15. Qxe4 O-O {1-0 (50) Kallio,J-Lehtonen,S Oulu 2006}) 10. Nc3 Bxf3 (10... h6 $16 11. Nd4 (11. Nxe4 dxe4 12. Nd2 Bg7 $16) 11... c6) 11. Qxf3 $18 ({And not} 11. gxf3 c6 $11) 11... c6 12. e6 {[%csl Ge6][%cal Rf3f7]} f6 13. h4 (13. Bf4 $18) 13... Qe7 (13... Be7 $16) 14. Bf4 Nh6 (14... f5 $142 15. Bg5 Nf6) 15. Rad1 {Black must now prevent Rxd5!} Rd8 16. h5 Bg7 17. Qg3 g5 18. Bc7 Rc8 19. Bd6 Nf5 20. Bxe7 Nxg3 21. h6 $1 {[%cal Rh6g7]} ({Inferior is} 21. fxg3 Kxe7 22. Na4 f5 $11) 21... Bxh6 22. Bxf6 Rf8 {[#]} 23. Be5 $1 {[%cal Re5g3]} ({Not} 23. fxg3 Rxf6 24. Re5 Ke7 $17) 23... Nf5 {[#]} 24. Na4 $1 Ke7 25. Bc3 {And now Bb4+ would win.} Rc7 $2 {This move loses the game for Black.} (25... Bg7 $16 {was necessary.}) 26. Ba5 Rcc8 27. Bb4+ Nd6 {[#]} 28. c4 $1 {[%mdl 512]} b5 (28... dxc4 29. Rxd6) 29. Nb6 {Hoping for Bxd6+.} c5 $2 (29... Rb8 30. cxd5 Rxb6 31. Bxd6+ Kxd6) 30. Nxd5+ {White is clearly winning.} Ke8 31. Bc3 b4 32. e7 Rf7 33. Nf6+ {[%mdl 64] Discovered Attack} Rxf6 34. Bxf6 Rc6 {[#]} 35. Re6 $1 {Accuracy: White = 70%, Black = 38%.} 1-0

[Event "FIDE Online-ch U16 Open 2020"]
[Site "Online"]
[Date "2020.12.19"]
[Round "1.3"]
[White "Pour Agha Bala, Amirreza"]
[Black "Kushko, Dmitriy"]
[Result "1-0"]
[WhiteElo "2432"]
[BlackElo "2307"]
[Annotator "TA"]
[PlyCount "115"]
[EventDate "2020.12.19"]
[EventType "k.o."]
[EventCountry "NET"]
[SourceTitle "playchess.com"]
[Source "ChessBase"]
[SourceQuality "1"]

{[%evp 9,115,25,66,46,47,48,48,49,38,28,26,29,25,21,22,0,37,25,29,-10,51,0,30,7,8,-24,21,-7,0,0,0,0,21,0,20,8,13,19,24,21,23,0,22,22,31,22,41,41,48,33,41,41,72,20,70,0,80,0,97,0,18,5,31,25,59,10,33,0,29,48,33,33,36,21,17,0,0,0,0,0,3,-18,0,0,183,188,218,0,410,402,402,395,385,366,370,0,92,-33,447,441,469,0,447,460,533,524,562,531]} 1. e4 d6 2. d4 Nf6 3. f3 e5 4. d5 Be7 5. Be3 Nh5 6. c4 {B07: Pirc Defence: Miscellaneous Systems.} a5 7. Nc3 Na6 {[#]} 8. Qd2 $146 {White is slightly better.} ({Predecessor:} 8. g3 g6 9. Qd2 f5 10. exf5 gxf5 11. f4 O-O 12. Nh3 Qe8 13. Be2 Qg6 14. O-O-O {1-0 (30) Dreev,A (2683)-Illescas Cordoba,M (2580) France 2002}) 8... h6 9. Bf2 Bg5 10. Qd1 O-O 11. g3 Be7 12. Nge2 Nc5 13. Bg2 f5 14. O-O fxe4 (14... f4 $1 $11) 15. fxe4 (15. Bxc5 $14 dxc5 16. Nxe4) 15... Bg4 16. h3 (16. Bxc5 $5 dxc5 17. h3 $14) 16... Bd7 17. Kh2 Nf6 18. Be3 Qe8 19. Bxc5 dxc5 20. Ng1 Nh7 21. Nf3 Bd6 22. Nh4 g6 23. Qe2 Kg7 24. Bf3 Nf6 25. Nd1 Qe7 26. Ne3 Rae8 27. Rf2 Kh7 28. Raf1 Kg7 29. Qd3 b6 30. Qe2 Kh7 31. Kg2 ({White should play} 31. Bg4 $16) 31... Bc8 32. Ng4 (32. Bg4 $14) 32... Ng8 (32... Nh5 $1 $11) 33. Ne3 Nf6 34. Nd1 (34. Bg4 $16) 34... Qd7 35. Rh1 Qe7 36. Ne3 Qd7 37. Ng4 Ng8 38. b3 Qe7 39. Ne3 Nf6 40. Kh2 Bd7 41. Bg2 a4 42. bxa4 Bxa4 43. Bf3 Bd7 44. Nhg2 Ng8 45. Ne1 Nf6 46. Rhf1 b5 $2 (46... Ra8 $11) 47. cxb5 $18 Ra8 {[#]} 48. Bg2 $2 ({Only move:} 48. Qc4 $1 $18) 48... Ng8 $2 {[%mdl 8192]} (48... Ra5 $1 $11) 49. Rxf8 Rxf8 50. Rxf8 Qxf8 51. a4 Qa8 52. Qa2 $2 {[#]} (52. Qc2 $18) 52... Qa5 (52... Bxb5 $1 $11 {remains equal.} 53. a5 Nf6) 53. N1c2 ({White should try} 53. Qb1 $16) 53... Nf6 $2 {[%mdl 8192]} (53... Bxb5 $1 $15 {stays ahead.} 54. Nc4 Qxa4 55. Qxa4 Bxa4) 54. Qb3 Qd2 55. Qb1 $2 ({Better is} 55. Nc4 $18 Qe2 56. Qf3 Qxc2 57. Qxf6 {[%mdl 64] Double Attack} Qxc4 58. Qf7+ {[%mdl 64] Double Attack} Kh8 59. Qxd7) 55... Nh5 $2 {[%mdl 8192]} (55... Nxe4 $1 $11 {and Black has nothing to worry.} 56. Nc4 Qd3) 56. Qe1 {White is clearly winning.} Qxe1 57. Nxe1 Nf6 58. Nc4 {Weighted Error Value: White=0.38/Black=0.58} 1-0

[Event "FIDE Online-ch U16 Open 2020"]
[Site "Online"]
[Date "2020.12.19"]
[Round "1.3"]
[White "He, Anthony"]
[Black "Svane, Frederik"]
[Result "1/2-1/2"]
[WhiteElo "2337"]
[BlackElo "2421"]
[Annotator "TA"]
[PlyCount "155"]
[EventDate "2020.12.19"]
[EventType "k.o."]
[EventCountry "NET"]
[SourceTitle "playchess.com"]
[Source "ChessBase"]
[SourceQuality "1"]

{[%evp 10,155,49,19,18,15,37,39,45,22,23,14,10,9,13,0,34,-17,-8,-20,-18,-22,-12,-21,0,0,0,0,5,10,14,0,0,0,0,0,0,-7,20,-3,0,-4,-2,-6,-7,-16,-16,-19,0,0,0,0,0,0,0,0,27,0,0,-8,-8,-8,-8,-9,-8,-8,-7,-102,-102,-158,-153,-163,-89,-421,-421,-744,-224,-160,0,0,0,0,0,0,0,0,0,0,0,-8,0,0,0,-8,0,-44,-14,-14,-14,-14,-14,-30,-30,-30,-30,-30,-8,-8,-8,-8,-8,-8,-8,-8,-8,-8,0,-8,0,-8,0,-8,-8,-8,-8,-8,-8,-8,-8,-8,-8,-8,0,-8,-8,-8,-8,-8,-8,-8,-8,-8,0,-8,0,-8,-8,-8]} 1. e4 c5 2. Nf3 a6 3. c3 e6 4. d4 d5 5. exd5 exd5 6. Be2 Nf6 {B22: Sicilian: 2 c3.} 7. O-O Bd6 8. dxc5 Bxc5 {White is slightly better.} 9. Nbd2 (9. Bg5 {with more complications.} Nbd7 10. Bd3 O-O 11. Nbd2 h6 12. Bh4) 9... O-O 10. Nb3 Bb6 11. Nbd4 Nc6 12. Bg5 {[#]} Qd6 $146 ({Predecessor:} 12... h6 13. Bh4 g5 14. Bg3 Ne4 15. Nxc6 bxc6 16. Nd4 Bd7 17. Bd3 Qf6 18. Bc2 Rfe8 19. Qd3 c5 20. Nf3 Bb5 21. Qxd5 Rad8 22. Qb3 Nxg3 23. hxg3 Bxf1 24. Rxf1 g4 {0-1 (24) Hons,T (2033)-Karas,M (2278) Prague 2016}) 13. Bh4 (13. Qb3 $14 Na5 14. Qb4 Qxb4 15. cxb4) 13... Ne4 14. Bg3 Nxg3 15. hxg3 Bg4 16. Re1 Rad8 17. Qd2 Bxf3 18. Bxf3 Nxd4 19. cxd4 Rfe8 20. Rac1 g6 21. Red1 Rc8 22. Rxc8 Rxc8 23. Qg5 Rc4 24. Qe3 Qe6 25. Qf4 Kg7 26. b3 Rc2 27. Qg5 Rxa2 28. Qxd5 Qxd5 (28... a5 {is more complex.} 29. Qxe6 fxe6 30. Bxb7 e5 31. dxe5 Bxf2+ 32. Kh2 Re2) 29. Bxd5 $11 {[%mdl 4096] Endgame KRB-KRB} Rb2 30. Bxb7 Rxb3 31. Bxa6 Rb4 32. d5 Rd4 33. Rb1 Bc5 34. Bb7 Rd2 35. Rf1 h5 36. Bc6 Kf6 37. Kh2 Rxf2 38. Rb1 (38. Rxf2+ $11 {remains equal.} Bxf2 39. Kh3) 38... Bd6 $17 39. Kh3 (39. Kg1 $142 Rd2 40. Rf1+ Ke7 41. Rf3) 39... Re2 40. Rf1+ Ke7 ({Better is} 40... Kg5 $19 41. Bb5 Re4) 41. Kh4 $2 {[%mdl 8192] [#]} (41. Bb5 $17 {is tougher.} Re4 42. Bd3) 41... Re4+ $19 42. Kh3 (42. Rf4 $142 Re1 43. Rf3) 42... Re3 $2 (42... g5 {( -> ...Rh4+!)} 43. Bd7 Re3) 43. Rf3 Rxf3 $2 (43... Re1 $17 {[%cal Re1h1]} 44. Kh4 f6) 44. gxf3 $17 {KB-KB} Kf6 45. Kg2 g5 46. Kh3 Ke7 47. Bb5 Kf6 48. Bd3 Ke5 49. Bc4 Kd4 50. Bb3 Ke3 51. Kg2 (51. f4 $5) 51... h4 52. g4 h3+ 53. Kxh3 Kxf3 54. Bc2 Kf4 55. Bf5 Ke5 56. Bh7 Kxd5 57. Bg8 Ke5 58. Bxf7 {The position is equal.} Kf4 59. Bh5 Bc5 60. Kg2 $1 Bd4 61. Kf1 {Cut Off at move 61} Be5 62. Kf2 Bd4+ 63. Ke2 Ke4 64. Kd2 Be5 65. Kc2 Kf4 66. Kb3 Bc7 67. Kc4 Bb6 68. Kd5 Bf2 69. Ke6 Bg1 70. Kf6 Bf2 71. Kg6 Be1 72. Kf6 Bd2 73. Ke6 Bc1 74. Kd5 Bb2 75. Kc4 Bc1 76. Kd3 Be3 77. Ke2 Ba7 78. Kd3 {Weighted Error Value: White=0.32/Black=0.16} 1/2-1/2

[Event "FIDE Online-ch U16 Open 2020"]
[Site "Online"]
[Date "2020.12.19"]
[Round "1.4"]
[White "Rodrigue-Lemieux, Shawn"]
[Black "Kacharava, Nikolozi"]
[Result "0-1"]
[WhiteElo "2276"]
[BlackElo "2443"]
[Annotator "TA"]
[PlyCount "114"]
[EventDate "2020.12.19"]
[EventType "k.o."]
[EventCountry "NET"]
[SourceTitle "playchess.com"]
[Source "ChessBase"]
[SourceQuality "1"]

{[%evp 9,114,16,6,6,6,6,6,3,4,-6,0,-21,-19,-14,-14,-22,-13,-24,-25,-14,0,0,22,15,22,14,23,-10,28,0,0,-8,0,0,8,3,56,47,84,12,12,12,27,29,19,27,26,-11,-6,-33,-13,-34,-34,-47,-48,-46,-59,-55,-41,-53,-16,-48,-47,-49,-52,-70,-70,-67,-49,-98,-94,-97,-103,-124,-126,-145,-149,-171,-154,-152,-104,-175,-157,-160,-127,-125,-134,-131,-107,-94,-103,-108,-117,-104,-104,-152,-103,-458,-12,-56,0,-1609,-1528,-12835,-12831,-12845,-12846]} 1. e4 e5 2. Nf3 Nf6 3. Nxe5 d6 4. Nd3 Nxe4 5. Qe2 Qe7 6. Nf4 {Nd5 is the strong threat. C42: Petroff Defence: 3 Nxe5 and unusual White 3rd moves.} Nc6 {And now ...Nd4 would win. seems to push 6...Nf6 aside.} 7. Nd5 Nd4 {[%mdl 64] White must now prevent ...Qe5. Double Attack} 8. Nxe7 {The position is equal.} Nxe2 9. Bxe2 Bxe7 {[#]} 10. O-O $146 ({Predecessor:} 10. d3 Nf6 11. Nc3 c6 12. O-O d5 13. Re1 Be6 14. Bf3 O-O 15. Ne2 Rfe8 16. Bd2 {½-½ (25) Delgado Ramirez,N (2572)-So,W (2770) chess.com INT 2020}) 10... Bf5 11. Re1 c6 12. d3 Nc5 13. d4 Ne6 14. c3 Kd7 15. Be3 Bg5 16. Bxg5 Nxg5 17. Nd2 h5 18. Nf3 Ne6 19. Rad1 Nf4 20. Bc4 f6 21. Nh4 Bh7 $1 22. g3 Nh3+ ({Better is} 22... d5 $11 23. Bf1 (23. gxf4 dxc4 24. f5 Rhe8 $11) 23... Ne6) 23. Kg2 $14 {Hoping for Be6+.} Ng5 24. Bd3 (24. f4 $16 Ne4 25. Bf7) 24... Bxd3 $11 25. Rxd3 {White wants to play Rde3.} Rhe8 26. Rde3 Rxe3 27. Rxe3 {[%mdl 4096] Endgame KRN-KRN} Ne6 28. Nf3 a5 29. Nd2 Nc7 30. Kf1 a4 31. Ke1 Nd5 32. Rf3 b5 33. a3 Rh8 34. c4 Nb6 35. cxb5 cxb5 36. b3 Nd5 37. h4 Ra8 38. bxa4 Rxa4 39. Rf5 g6 ({Of course not} 39... Rxd4 40. Rxh5 Ke6 41. Rh7 $11) 40. Rf3 ({Don't go for} 40. Rxd5 $2 Kc6 $19) 40... Rxd4 41. Rb3 Kc6 42. Ke2 Nb6 43. f3 f5 44. Rc3+ Kd7 45. Rb3 (45. Nb3 $17 Rc4 46. Rd3) 45... Nc4 $19 46. Nb1 Kc6 47. Nc3 Rd2+ 48. Ke1 Rd3 {Strongly threatening ...Kd7.} 49. Nxb5 Rxb3 50. Nd4+ {[#]} Kd5 $1 51. Nxb3 Nxa3 $17 {KN-KN} 52. Ke2 Kc4 53. Nc1 $2 {[%mdl 8192] [#]} (53. Na5+ $17 {was the crucial defense.} Kd5 54. Kd3) 53... Kc3 $2 ({Black should play} 53... f4 $1 $19 {[%mdl 512]} 54. Kf2 (54. gxf4 Nc2) 54... Nc2) 54. Nd3 d5 ({Black should try} 54... Nc4 $15) 55. Ne5 $2 {[%mdl 8192]} (55. Nf4 $11) 55... d4 $19 {Black is clearly winning.} 56. Kd1 d3 57. g4 Nc4 {Weighted Error Value: White=0.51/Black=0.27} 0-1

[Event "FIDE Online-ch U16 Open 2020"]
[Site "Online"]
[Date "2020.12.19"]
[Round "1.5"]
[White "Pour Agha Bala, Amirreza"]
[Black "Kushko, Dmitriy"]
[Result "1-0"]
[WhiteElo "2432"]
[BlackElo "2307"]
[Annotator "TA"]
[PlyCount "49"]
[EventDate "2020.12.19"]
[EventType "k.o."]
[EventCountry "NET"]
[SourceTitle "playchess.com"]
[Source "ChessBase"]
[SourceQuality "1"]

{[%evp 9,49,37,24,18,29,22,93,73,83,79,118,107,137,146,162,167,257,271,240,245,367,350,346,367,310,231,252,245,226,162,162,139,263,241,643,628,1164,1161,29986,29987,29996,-939]} 1. e4 d6 2. d4 Nf6 3. f3 e6 4. c4 Be7 5. Nc3 O-O 6. Be3 {B07: Pirc Defence: Miscellaneous Systems.} c5 7. d5 e5 (7... exd5 $11 8. cxd5 (8. Nxd5 Nxd5 9. cxd5 f5 $15) 8... Nbd7) 8. Bd3 {White is better.} Nh5 9. Nge2 {[#]} g6 $146 ({Predecessor:} 9... a6 10. O-O Bg5 11. Qd2 Bxe3+ 12. Qxe3 Qh4 13. a3 Nf4 14. Nxf4 exf4 15. Qf2 Qxf2+ 16. Kxf2 {1-0 (40) Carrasco Leon,J (2015)-Navarro Alvarez,A (2110) Barcelona 2004}) 10. Qd2 Na6 11. O-O-O Nc7 12. g4 Nf4 (12... Nf6 $142 13. Bh6 Re8) 13. Nxf4 $18 exf4 14. Bxf4 Bf6 (14... b5 {is a better defense.} 15. cxb5 (15. Nxb5 Nxb5 16. cxb5 a6 $18) 15... Bh4) 15. h4 b5 16. cxb5 ({Don't take} 16. Nxb5 Nxb5 17. cxb5 a6 $18) 16... a6 17. b6 Nb5 18. Bg5 Nxc3 19. bxc3 Rb8 20. Rh2 Re8 (20... Rxb6 $16 21. Qf4 Be7) 21. Qf4 ({Don't play} 21. Bxf6 $6 Qxf6 22. h5 Rxb6 $16) 21... Bxg5 $2 {[#]} (21... Be7 22. Bxe7 Rxe7) 22. hxg5 ({Not} 22. Qxg5 Qxb6 23. h5 Qa5 $16) 22... Qxb6 23. Rdh1 Qa5 24. Qf6 Re5 {[#]} 25. Qh8+ $1 {[%mdl 33280] White took control after the opening.  Weighted Error Value: White=0.10/Black=0.74. Loss on time!?} 1-0

[Event "FIDE Online-ch U16 Open 2020"]
[Site "Online"]
[Date "2020.12.19"]
[Round "1.6"]
[White "Concio, Michael Jr."]
[Black "Huang, Renjie"]
[Result "0-1"]
[WhiteElo "2297"]
[BlackElo "2422"]
[Annotator "TA"]
[PlyCount "76"]
[EventDate "2020.12.19"]
[EventType "k.o."]
[EventCountry "NET"]
[SourceTitle "playchess.com"]
[Source "ChessBase"]
[SourceQuality "1"]

{[%evp 17,76,4,0,-7,-10,-12,-9,-16,-9,-47,-43,-96,-87,-93,-95,-84,-81,-93,-73,-113,-123,-288,-294,-306,-305,-306,-288,-483,-480,-487,-464,-468,-483,-459,-459,-521,-521,-519,-515,-510,-472,-462,-454,-514,-439,-441,-438,-539,-531,-521,-506,-1044,-1034,-1026,-1014,-29974,-29975,-29972,-29973,-5158,-3208]} 1. e4 c5 2. c4 Nc6 3. Nc3 g6 4. g3 Bg7 5. Bg2 Nf6 6. Nge2 d6 7. d3 O-O 8. O-O a6 9. h3 Rb8 10. Rb1 {A36: Symmetrical English vs ...g6: 4 Bg2 Bg7.} b5 {[%cal Bb7b5,Bb5b4][%mdl 32]} 11. b3 Nd4 {[#]} 12. Be3 $146 {The position is equal.} ({Predecessor:} 12. Nxd4 cxd4 13. Ne2 bxc4 14. Nxd4 Qb6 15. Be3 Ng4 16. bxc4 Nxe3 17. Rxb6 Bxd4 18. Rxb8 Nxd1 19. Rxd1 a5 20. Rdb1 e5 21. Ra8 {1-0 (21) Granados Gomez,M (2428)-Sanchez Aller,F (2118) Cala Mendia 2001}) 12... e5 13. f4 b4 14. Na4 (14. Nd5 $15) 14... Nxe2+ $17 15. Qxe2 Nh5 16. Kh2 exf4 17. gxf4 Bd7 (17... Qh4 $6 18. Qf2 $11) 18. Nb2 f5 ({Don't take} 18... Qh4 19. Qf2 $15) 19. Nd1 $2 (19. Bf3 $17) 19... fxe4 $19 ({Not} 19... Qh4 20. Qf2 $17) 20. dxe4 {[#]} Nxf4 $1 {[%mdl 512]} 21. Bxf4 {[#]} Rxf4 $1 {[%mdl 512]} 22. Ne3 $2 {[#]} (22. Rxf4 {keeps fighting.} Be5 23. Kg1 Bxf4 24. Nb2) 22... Be5 $1 {[%cal Rf4f1]} 23. Rxf4 Bxf4+ 24. Kg1 Qg5 $1 {[%csl LRe3,LRh3]} 25. Nd5 Be5 {aiming for ...Qg3.} 26. Qd3 Rf8 27. Rf1 Rxf1+ 28. Kxf1 Qc1+ 29. Kf2 Bd4+ 30. Ke2 Kg7 31. Qd2 Qg1 32. Qg5 {intending Qe7+.} Be6 {And now ...Qf2+ would win.} 33. Nf4 Bf7 {White must now prevent ...Qf2+.} 34. Nd3 (34. e5 $142 Qf2+ 35. Kd1 Bxe5 36. Ne2) 34... h6 35. Qg3 Qb1 36. Nf4 Qxa2+ 37. Kf1 Qb1+ 38. Ke2 Qc2+ {White did not feel at home in the position after the opening.  Weighted Error Value: White=0.67/Black=0.05} 0-1

[Event "FIDE Online-ch U16 Open 2020"]
[Site "Online"]
[Date "2020.12.19"]
[Round "1.7"]
[White "Svane, Frederik"]
[Black "He, Anthony"]
[Result "1-0"]
[WhiteElo "2421"]
[BlackElo "2337"]
[Annotator "TA"]
[PlyCount "79"]
[EventDate "2020.12.19"]
[EventType "k.o."]
[EventCountry "NET"]
[SourceTitle "playchess.com"]
[Source "ChessBase"]
[SourceQuality "1"]

{[%evp 10,79,12,10,29,26,29,25,17,18,23,18,25,12,17,0,21,-13,0,-18,6,5,5,7,0,1,28,34,23,27,198,199,191,188,240,240,235,239,246,243,231,231,309,273,332,298,324,355,356,328,344,349,332,357,354,360,445,394,373,384,356,329,475,482,12841,12842,12842,12840,12840,0,12840,12840]} 1. e4 c5 2. Nf3 Nc6 3. Bb5 e6 4. O-O Nge7 5. Re1 a6 6. Bf1 b6 {B30: Sicilian: 2...Nc6 3 Bb5, lines without ...g6.} 7. d4 cxd4 8. Nxd4 Nxd4 {White has an edge.} 9. Qxd4 Nc6 {[#]} 10. Qd3 $146 ({Predecessor:} 10. Qd2 Qc7 11. c4 Bd6 12. h3 Bb7 13. Nc3 Rd8 14. Qd1 O-O 15. Be3 Bc5 16. Rc1 {1-0 (42) Naiditsch,A (2626)-Anton Guijarro,D (2703) Biel 2020}) 10... Qc7 11. c4 Bd6 12. g3 Bb7 13. b3 (13. Rd1 $5 {[%cal Rd3d6]} Ke7 14. Nc3 $11) 13... Ne5 14. Qe2 h5 15. Bg2 h4 16. Be3 hxg3 17. hxg3 f5 18. Nc3 Bb4 19. Bd4 f4 $2 {[#] White now steadily converts the win.} (19... O-O-O $11 {and Black has nothing to worry.}) 20. Nd5 $1 $18 {[%cal Rd5c7][%mdl 512]} exd5 21. exd5 O-O-O (21... Bxe1 $142 22. Bxe5 {[#]} Bxf2+ $1 {[%mdl 512]} 23. Kxf2 f3) 22. Bxe5 d6 23. Bxf4 Bxe1 24. Rxe1 Kb8 25. b4 Rc8 26. Rc1 Rhe8 27. Qd3 Qe7 28. Qg6 Qf6 29. Bxd6+ Ka7 30. Qxf6 gxf6 31. c5 bxc5 32. bxc5 ({Less strong is} 32. Bxc5+ Kb8 $16) 32... Red8 {And now ...Rxd6 would win.} 33. Rd1 Rxd6 34. cxd6 {[%mdl 4096] Endgame KRB-KRB} Rd8 35. Re1 Rxd6 (35... Bc8 $142 36. Kf1 Bg4) 36. Re6 Rxe6 (36... Rd8 $142 37. d6 Bc8 38. Rxf6 Bd7) 37. dxe6 {Intending e7 and mate.} Bc8 38. Bh3 Bb7 39. Bg2 Bc8 $1 40. Bd5 {Weighted Error Value: White=0.20/Black=0.35} 1-0